| 000 | 00767nam a22001815i 4500 | ||
|---|---|---|---|
| 001 | 166734 | ||
| 003 | ES-MaACL | ||
| 005 | 20230906213406.0 | ||
| 008 | 050920s1878 dk | |||||||| ||fre d | ||
| 040 |
_aCAM _bspa _cCAM |
||
| 100 | 1 |
_aTuxen, S.C.A. _9133422 |
|
| 245 | 1 | 0 |
_aRenseignements sur l'agriculture danoise / _c[S.C.A. Tuxen] ; publiƩs par la Commission pour la participation du Danemark a l'Exposition Universelle de 1878, a Paris. |
| 260 |
_aCopenhague : _b[s.n.], _c1878 ( _fImprimerie de Bianco Luno) |
||
| 300 |
_a20 p. ; _c23 cm. |
||
| 594 | _aAutor tomado de final del texto. | ||
| 711 | 2 |
_aExposition Universelle ( _d1878. _cParis) _9135143 |
|
| 852 |
_aES-MaACL _jT-677-F-4 _z-- Enc. hol., conservando la cub. original _z-- Enc. en un vol. facticio |
||
| 999 |
_c166734 _d166734 |
||